<?xml version="1.0" encoding="UTF-8"?><collection xmlns="info:lc/xmlns/marcxchange-v2"><record format="Unimarc" type="bibliographic"><leader>00631cam  2200217   450 </leader><controlfield tag="001">1911177</controlfield><controlfield tag="003">http://id.bnportugal.gov.pt/bib/porbase/1911177</controlfield><controlfield tag="005">20030523231200.0</controlfield><datafield ind1=" " ind2=" " tag="010"><subfield code="a">0-7923-2549-4</subfield></datafield><datafield ind1=" " ind2=" " tag="035"><subfield code="5">78435</subfield></datafield><datafield ind1=" " ind2=" " tag="095"><subfield code="a">PTBN00787613</subfield></datafield><datafield ind1=" " ind2=" " tag="100"><subfield code="a">19950519d1993    k  y0pory0103    ba</subfield></datafield><datafield ind1="0" ind2=" " tag="101"><subfield code="a">eng</subfield></datafield><datafield ind1=" " ind2=" " tag="102"><subfield code="a">NL</subfield></datafield><datafield ind1="1" ind2=" " tag="200"><subfield code="a">Quantum theory: concepts and methods</subfield><subfield code="f">Asher Peres</subfield></datafield><datafield ind1=" " ind2=" " tag="210"><subfield code="a">Dordrecht</subfield><subfield code="c">Kluwer Academic</subfield><subfield code="d">1993</subfield></datafield><datafield ind1=" " ind2=" " tag="215"><subfield code="a">XIII, 446 p</subfield></datafield><datafield ind1="2" ind2=" " tag="225"><subfield code="a">Fundamental Theories of Physics</subfield><subfield code="v">57</subfield></datafield><datafield ind1=" " ind2=" " tag="675"><subfield code="a">530.145</subfield><subfield code="v">2ª média</subfield><subfield code="z">por</subfield><subfield code="3">333919</subfield></datafield><datafield ind1=" " ind2="1" tag="700"><subfield code="a">Peres</subfield><subfield code="b">Asher</subfield><subfield code="3">1504845</subfield></datafield><datafield ind1=" " ind2="0" tag="801"><subfield code="a">PT</subfield><subfield code="b">BN</subfield><subfield code="g">RPC</subfield></datafield><datafield ind1=" " ind2=" " tag="977"><subfield code="1">530.145 PER</subfield><subfield code="2">coop</subfield><subfield code="4">UCDF</subfield><subfield code="6">mq929862</subfield><subfield code="7">bc</subfield><subfield code="8">coop</subfield><subfield code="9">UCDF</subfield><subfield code="b">76027</subfield><subfield code="k">0</subfield></datafield><datafield ind1=" " ind2=" " tag="998"><subfield code="a">CDF19-1103</subfield></datafield></record></collection>